MARC

LEADER 00000nam0a2200000 4500
001 15168
005 20231030190107.0
010 |a 5283030636 
035 |a (RuTPU)RU\TPU\book\15274 
035 |a BOOK00015343 
090 |a 15168 
100 |a 20011209d1999 km y0rusy50 ca 
101 0 |a rus 
102 |a RU 
105 |a a g 000zy 
200 1 |a Справочник по радиационной безопасности  |f В. Ф. Козлов 
205 |a 5-е изд., перераб. и доп. 
210 |a Москва  |c Энергоатомиздат  |d 1999 
215 |a 520 с.  |c ил. 
451 1 |0 (RuTPU)RU\TPU\book\35552  |y 5283030636  |t Справочник по радиационной безопасности  |f В. Ф. Козлов  |e 4-е изд., перераб. и доп.  |c Москва  |n Энергоатомиздат  |d 1991  |p 352 с.  |a Козлов, Владимир Федорович 
610 1 |a ионизирующее излучение 
610 1 |a биологическое действие 
610 1 |a облучение 
610 1 |a допустимые дозы 
610 1 |a термины 
610 1 |a определения 
610 1 |a дозиметрия 
610 1 |a методы 
610 1 |a радиационная безопасность 
610 1 |a нормы 
610 1 |a правила 
610 1 |a радиоактивные отходы 
610 1 |a справочники 
675 |a 614.876(035)  |v 3 
700 1 |a Козлов  |b В. Ф.  |g Владимир Федорович 
801 0 |a RU  |b 63413507  |c 20011209  |g PSBO 
801 2 |a RU  |b 63413507  |c 20020521  |g PSBO 
801 2 |a RU  |b 63413507  |c 20201119  |g PSBO 
900 |a Методы и приборы физических измерений 
900 |a Дозиметрия и защита от ионизирующего излучения ядерного реактора 
900 |a Дозиметрия и защита от излучений 
900 |a Медико-биологические основы радиационной безопасности 
900 |a Приборы медицинской интроскопии 
942 |c BK